000 00774nam a22002657a 4500
001 BR9507520
003 BR-BrBNA
005 20230928094721.0
007 ta
008 230509b bl.||||| |||| 00| 0 por d
040 _aBR-BrBNA
_bpor
_cBiblioteca Nacional de Agricultura
041 _a(Por)
072 _aE14
090 _ E14 BR9507520
110 1 _aGoverno do Estado do Mato Grosso do Sul, Campo Grande (Brasil)
_95362
245 1 _aPrograma Regional de Apoio dos Pequenos e Medios Produtores - PRAPEM
260 3 _aCampo Grande, MS (Brasil):
_c1992.
300 _a36 p.
500 _a7 tables
650 _aPequeno Produtor
650 _aPrograma de Desenvolvimento
650 _aMato Grosso do Sul
909 _a202309
_bLucia
_c55
_dLucia Elande
942 _cBK
999 _c52253
_d52253